مقدمة في تاريخ الطب في القدس منذ أقدم الأزمنة حتى سنة 1918 / (رقم التسجيلة. 22382)

تفاصيل مارك
000 -LEADER
fixed length control field 00606nam a22001817a 4500
005 - DATE AND TIME OF LATEST TRANSACTION
control field 20251108165221.0
008 - FIXED-LENGTH DATA ELEMENTS--GENERAL INFORMATION
fixed length control field 250721s1994 xx 000 0 ara d
082 14 - DEWEY DECIMAL CLASSIFICATION NUMBER
Classification number 610.95652/كام
100 1# - MAIN ENTRY--PERSONAL NAME
Personal name العسلي، كامل جميل
245 10 - TITLE STATEMENT
Title مقدمة في تاريخ الطب في القدس منذ أقدم الأزمنة حتى سنة 1918 /
264 1# - PRODUCTION, PUBLICATION, DISTRIBUTION, MANUFACTURE, AND COPYRIGHT NOTICE
Place of production, publication, distribution, manufacture عمان :
Name of producer, publisher, distributor, manufacturer الجامعة الأردنية - عمادة البحث العلمي،
Date of production, publication, distribution, manufacture, or copyright notice 1994.
300 ## - PHYSICAL DESCRIPTION
Extent 281ص
650 17 - SUBJECT ADDED ENTRY--TOPICAL TERM
Topical term or geographic name as entry element الطب
650 17 - SUBJECT ADDED ENTRY--TOPICAL TERM
Topical term or geographic name as entry element تاريخ العرب
650 17 - SUBJECT ADDED ENTRY--TOPICAL TERM
Topical term or geographic name as entry element فلسطين
942 ## - ADDED ENTRY ELEMENTS (KOHA)
Source of classification or shelving scheme Dewey Decimal Classification
Koha item type كتب
المقتنيات
حالة السحب حالة الفقدان مصدر التصنيف حالة التلف غير قابل للإعارة المكتبة الرئيسية المكتبة الحالية موقع الرف تاريخ التزويد الرقم المتسلسل Total Checkouts رقم الإستدعاء الباركود تاريخ آخر ظهور تاريخ الفاتورة نوع المادة (كوها)
    Dewey Decimal Classification     المكتبة المركزية المكتبة المركزية الإعارة 12/07/2004 200656   610.95652/كام 200656 28/07/2025 12/07/2004 كتب
    Dewey Decimal Classification Unchecked   مكتبة الأميرة ايمان العامة مكتبة الأميرة ايمان العامة الإعارة 12/07/2004 2540   610.95652/كام   28/07/2025 12/07/2004 كتب
    Dewey Decimal Classification Unchecked   مكتبة الاميرة بديعة مكتبة الاميرة بديعة الإعارة 12/07/2004 4471   610.95652/كام   28/07/2025 12/07/2004 كتب
    Dewey Decimal Classification     مكتبة الحسن العامة مكتبة الحسن العامة الإعارة 08/09/2018 08406   610.95652/كام PLD00430260 28/07/2025 08/09/2018 كتب
    Dewey Decimal Classification     مكتبة الراية الهاشمية للأطفال مكتبة الراية الهاشمية للأطفال الأطفال 15/09/2015 1466963   610.95652/كام PLD00347416 28/07/2025 15/09/2015 كتب
    Dewey Decimal Classification Unchecked   مكتبة حمزة العامة مكتبة حمزة العامة الإعارة 12/07/2004 5125   610.95652/كام   28/07/2025 12/07/2004 كتب
    Dewey Decimal Classification     مكتبة صويلح العامة مكتبة صويلح العامة الإعارة 12/06/2019 {9182}   610.95652/كام PLD00453897 28/07/2025 12/06/2019 كتب
Implemented & Customized by: BBB with SCIT (Smart Chains for Information Technology)

Powered by Koha